Indo-US nuclear deal : (Record no. 66969)

MARC details
000 -LEADER
fixed length control field 01060nam a22002777a 4500
005 - DATE AND TIME OF LATEST TRANSACTION
control field 20130723122856.0
010 ## - LCCN (DPL NO)
LC control number ENG-105337
020 ## - INTERNATIONAL STANDARD BOOK NUMBER
International Standard Book Number 9780415625791
Terms of availability 895.00
035 ## - SYSTEM CONTROL NUMBER
System control number EN-88870
035 ## - SYSTEM CONTROL NUMBER
System control number B-491477-479
037 ## - SOURCE OF ACQUISITION
Source of stock number/acquisition DBAD/PUB
037 ## - SOURCE OF ACQUISITION
Source of stock number/acquisition Literacy House/Ven
Stock number dpl
082 ## - DEWEY DECIMAL CLASSIFICATION NUMBER
Classification number 327.17470954073
245 ## - TITLE STATEMENT
Title Indo-US nuclear deal :
Statement of responsibility, etc edited by P.R. Chari
Remainder of title seeking synergy in bilateralism /
250 ## - EDITION STATEMENT
Edition statement rev.ed
260 ## - PUBLICATION, DISTRIBUTION, ETC. (IMPRINT)
Place of publication, distribution, etc New Delhi
Name of publisher, distributor, etc Routledge
Date of publication, distribution, etc 2012
270 ## - ADDRESS
Address 912 Tolstoy House,15-17 Tolstoy Marg,Cannaught Place,
City New Delhi
Postal code 110001
300 ## - PHYSICAL DESCRIPTION
Extent viii,372p.
Dimensions 22cm (Hb)
500 ## - GENERAL NOTE
General note Includes bibliographical references and index.
650 ## - SUBJECT ADDED ENTRY--TOPICAL TERM
Topical term or geographic name as entry element Nuclear nonproliferation
Geographic subdivision India.
650 ## - SUBJECT ADDED ENTRY--TOPICAL TERM
Topical term or geographic name as entry element Nuclear energy
General subdivision Government policy
Geographic subdivision India.
650 ## - SUBJECT ADDED ENTRY--TOPICAL TERM
Topical term or geographic name as entry element Nuclear energy
General subdivision Government policy
Geographic subdivision United States.
700 ## - ADDED ENTRY--PERSONAL NAME
Personal name Chari, P.R.
9 (RLIN) 47601
942 ## - ADDED ENTRY ELEMENTS (KOHA)
Source of classification or shelving scheme Dewey Decimal Classification
Item type English Books
Call number suffix IND
Classification part 327.17470954073
Holdings
Withdrawn status Lost status Not for loan Collection code Home library Current library Date acquired Source of acquisition Cost, normal purchase price Full call number Barcode Copy number Cost, replacement price Koha item type
      Non-fiction Central Library Central Library 23/07/2013 Literacy House/414/13/11.01.2013/22/18.12.2012/18.01.2013 895.00 327.17470954073 IND B-491477 1 895.00 English Books
    Not For Loan Non-fiction D.B.Act.Division D.B.Act.Division 21/05/2012 DBAD / PUB 895.00 327.17470954073 IND EN-88870 1 895.00 English Books
      Non-fiction Karol Bagh Karol Bagh 23/07/2013 Literacy House/414/13/11.01.2013/22/18.12.2012/18.01.2013 895.00 327.17470954073 IND B-491478 1 895.00 English Books
      Non-fiction Shahdara Branch Shahdara Branch 23/07/2013 Literacy House/414/13/11.01.2013/22/18.12.2012/18.01.2013 895.00 327.17470954073 IND B-491479 1 895.00 English Books

© Delhi Public Library
Hit Counter
free hit counter